[Event "Vladivostok Primorsky Debut"]
[Site "Vladivostok"]
[Date "2015.07.22"]
[Round "2"]
[White "Kilbienep, Tuskul"]
[Black "Savchenko, Boris"]
[Result "0-1"]
[WhiteElo "2220"]
[BlackElo "2566"]
[PlyCount "82"]
[EventDate "2015.07.21"]
[EventType "swiss"]
[EventRounds "9"]
[EventCountry "RUS"]
[SourceTitle "EXT 2016"]
[Source "ChessBase"]
[SourceDate "2015.10.08"]
[SourceVersion "1"]
[SourceVersionDate "2015.10.08"]
[SourceQuality "1"]

1. d4 e6 2. Nf3 Nf6 3. c4 c5 4. d5 b5 5. dxe6 fxe6 6. e3 bxc4 7. Bxc4 Be7 8. Nc3 Bb7 9. Qe2 Nc6 10. 0-0 0-0 11. Rd1 Qc7 12. e4 Nd4 13. Nxd4 cxd4 14. Nb5 Qe5 15. Nxd4 Rac8 16. Ba6 Bxa6 17. Qxa6 Ng4 18. f4 Qxe4 19. Qd3 Rxf4 20. Bxf4 Qxf4 21. Qg3 Qxg3 22. hxg3 Bc5 23. Kf1 Ne3+ 24. Ke2 Nxd1 25. Rxd1 Bxd4 26. Rxd4 Rc2+ 27. Kf3 Rxb2 28. Rxd7 Rxa2 29. Re7 Ra6 30. Kf4 Kf8 31. Rb7 Ra2 32. g4 Ra4+ 33. Kg5 h6+ 34. Kh5 Ra5+ 35. Kh4 Ra2 36. Kg3 a5 37. Ra7 a4 38. Kf3 a3 39. g3 Ra1 40. Ke2 a2 41. Kf2 Rh1 0-1